| 000 | 00613nam a2200193Ia 4500 | ||
|---|---|---|---|
| 001 | 9898 | ||
| 003 | GE_BSU | ||
| 008 | 181216s||||||||xx |||||||||||||| ||und|| | ||
| 040 | _cGE_BSU | ||
| 245 | _aეკონომიკა №3–4. 2014 | ||
| 245 | _bმეცნიერება,პრაქტიკა,გამოცდილება. | ||
| 245 | _cმთ.რედ: რ.შენგელია | ||
| 260 | _aთბილისი | ||
| 260 | _c2014 | ||
| 300 | _a182გვ;21სმ. | ||
| 653 | _aეკონომიკა №3–4. 2014 | ||
| 653 | _aპერიოდიკა | ||
| 942 | _cCR | ||
| 999 |
_c43176 _d43176 |
||